<?xml version="1.0" encoding="UTF-8"?>
<collection xmlns="http://www.loc.gov/MARC21/slim">
 <record>
  <leader>01167nmm a2200181 a 4500</leader>
  <controlfield tag="001">1/33129</controlfield>
  <controlfield tag="008">000711s2001    gr         ua       gre d</controlfield>
  <datafield tag="035" ind1=" " ind2=" ">
   <subfield code="l">35537</subfield>
  </datafield>
  <datafield tag="040" ind1=" " ind2=" ">
   <subfield code="a">GR-PeUP</subfield>
  </datafield>
  <datafield tag="082" ind1="0" ind2="0">
   <subfield code="a">CD-ROM 912.495 ΠΡΟ</subfield>
  </datafield>
  <datafield tag="245" ind1="0" ind2="0">
   <subfield code="a">Πρόσω ολοταχώς :</subfield>
   <subfield code="h">[Interactive multimedia] :</subfield>
   <subfield code="b">το τέλειο ελληνικό plotter με σύνδεση G.P.S. και με...747 αεροφωτογραφίες από 157 λιμάνια, μαρίνες, όρμους, ντόκους, προβλήτες, αλιευτικά &amp; τουριστικά καταφύγια, νησιά, βραχονησίδες.</subfield>
  </datafield>
  <datafield tag="260" ind1=" " ind2=" ">
   <subfield code="a">Θεσσαλονίκη :</subfield>
   <subfield code="b">Βαλκανική Ναυτιλιακή,</subfield>
   <subfield code="c">2001.</subfield>
  </datafield>
  <datafield tag="300" ind1=" " ind2=" ">
   <subfield code="a">1 computer laser optical disc :</subfield>
   <subfield code="b">sd., col. ;</subfield>
   <subfield code="c">4 3/4 in +</subfield>
   <subfield code="e">1 οδηγό εγκατάστασης (23 εκ., 18 σ.).</subfield>
  </datafield>
  <datafield tag="500" ind1=" " ind2=" ">
   <subfield code="a">Version 3.0.</subfield>
  </datafield>
  <datafield tag="538" ind1=" " ind2=" ">
   <subfield code="a">Ελάχιστες απαιτήσεις συστήματος: Windows ME/ΧP/2000.</subfield>
  </datafield>
  <datafield tag="650" ind1=" " ind2="4">
   <subfield code="a">CD-ROMs.</subfield>
  </datafield>
  <datafield tag="651" ind1=" " ind2="4">
   <subfield code="a">Ελλάδα</subfield>
   <subfield code="x">Χάρτες</subfield>
   <subfield code="x">CD-ROMs.</subfield>
  </datafield>
  <datafield tag="852" ind1=" " ind2=" ">
   <subfield code="a">INST</subfield>
   <subfield code="b">UNIPILB</subfield>
   <subfield code="c">MMEDIA</subfield>
   <subfield code="e">20070731</subfield>
   <subfield code="h">CD-ROM 912.495 ΠΡΟ</subfield>
   <subfield code="p">00153251</subfield>
   <subfield code="q">00153251</subfield>
   <subfield code="t">NOLOAN</subfield>
   <subfield code="y">4</subfield>
   <subfield code="x">20071214</subfield>
   <subfield code="4">1</subfield>
  </datafield>
 </record>
</collection>
